| 000 | 02372nam0a2200409 4500 | ||
|---|---|---|---|
| 001 | RU\NLR\BIBL_A\022355395 | ||
| 005 | 20260420020005.0 | ||
| 010 |
_a978-5-9078-16-78-7 _9500 |
||
| 021 |
_aRU _bКН-П-24-052994 _9КН-П-24-5272 |
||
| 035 | _a(NLR Aleph) 022355395 | ||
| 090 |
_a13667676 _c13667676 |
||
| 100 | _a20241017d2024 u y0rusy50 ca | ||
| 101 | 0 | _arus | |
| 102 | _aRU | ||
| 105 | _aa j 000yy | ||
| 181 | 0 |
_ai3 _baxxe |
|
| 182 | 0 | _an | |
| 200 | 1 |
_aИндивидуальные спортивные игры: настольный теннис, бадминтон _eучебное пособие _fВ. В. Ильин, А. А. Клименко, С. А. Печерский, Л. А. Дмитренко _gМинистерство сельского хозяйства РФ, ФГБОУ ВО "Кубанский государственный аграрный университет имени И. Т. Трубилина" |
|
| 203 |
_aТекст _bвизуальный _cнепосредственный |
||
| 210 |
_aКраснодар _cКубГАУ _d2024 |
||
| 215 |
_a208 с. _cил., табл. _d20 |
||
| 300 | _aАвт. указаны на обороте тит. с. в макете | ||
| 320 | _aБиблиогр.: с. 204-206 (43 назв.) | ||
| 606 | 1 |
_aНастольный теннис _jУчебные издания для высших учебных заведений _91743174 _3RU\NLR\AUTH\66780231 |
|
| 606 | 1 |
_aБадминтон _jУчебные издания для высших учебных заведений _91083398 _3RU\NLR\AUTH\66104928 |
|
| 686 | 1 | _aЧ515.74я73 | |
| 686 | 1 | _aЧ515.65я73 | |
| 700 | 1 |
_aИльин _bВ. В. _cпреподаватель, физ. воспитание _gВладимир Викторович _3RU\NLR\AUTH\770274652 |
|
| 701 | 1 |
_aКлименко _bА. А. _gАндрей Александрович |
|
| 701 | 1 |
_aПечерский _bС. А. _gСергей Александрович |
|
| 701 | 1 |
_aДмитренко _bЛ. А. _gЛюдмила Анатольевна |
|
| 712 | 0 | 2 |
_4475 _aКубанский государственный аграрный университет им. И. Т. Трубилина _cКраснодар _92644546 _3RU\NLR\AUTH\880618071 |
| 942 | _cBOOK | ||
| 980 | _aNB | ||